Plastics Materials /

Enregistré dans:
Détails bibliographiques
Auteur principal: Brydson, J.A (Auteur)
Format: Livre
Langue:anglais
Publié: Oxford : Butterworth-Heinemann, 1995
Édition:6.Edition
Tags: Ajouter un tag
Pas de tags, Soyez le premier à ajouter un tag!

MARC

LEADER 00000nam a22000003a 4500
001 stu24019
005 20150617225742.8
008 960710s1995----uk------------------eng-d
020 |a 0-7506-1864-7 
040 |a STU  |b slo 
041 0 |a eng 
044 |a uk 
080 |a 678.01 
100 1 |a Brydson, J.A  |4 aut 
245 1 |a Plastics Materials /  |c [aut.]Brydson,J.A 
250 |a 6.Edition 
260 |a Oxford :  |b Butterworth-Heinemann,  |c 1995 
300 |a 896 s :  |b Obr.,tab.,grafy,lit.,index 
996 |b C94284  |c C*94284  |l CCXXIVA  |s P  |a 0  |w stu24019_0001